Porto Scorers in 2010s Champions League - Statistics

General Stats
  • This quiz has been taken 151 times
  • The average score is 19 of 35
Answer Stats
Player Nation Gls % Correct
Radamel Falcao Colombia 4
93%
Vincent Aboubakar Cameroon 11
88%
Jackson Martínez Colombia 12
87%
James Rodríguez Colombia 2
81%
Yacine Brahimi Algeria 8
81%
Héctor Herrera Mexico 6
79%
Jesús Corona Mexico 4
78%
Moussa Marega Mali 6
78%
Hulk Brazil 7
77%
Danilo Pereira Portugal 1
63%
Maxi Pereira Uruguay 1
62%
André Silva Portugal 4
61%
Lucho González Argentina 4
61%
Otávio Brazil 3
55%
Miguel Layún Mexico 3
53%
Iván Marcano Spain 1
52%
João Moutinho Portugal 2
51%
Alex Telles Brazil 2
48%
Danilo Brazil 1
48%
Ricardo Quaresma Portugal 3
48%
Steven Defour Belgium 1
48%
Adrián López Spain 2
44%
Sérgio Oliveira Portugal 1
43%
Silvestre Varela Portugal 3
43%
Tiquinho Soares Brazil 2
41%
Casemiro Brazil 1
38%
Éder Militão Brazil 2
38%
Felipe Brazil 2
36%
André André Portugal 2
34%
Bruno Alves Portugal 1
28%
Cristian Tello Spain 2
28%
Maicon Brazil 1
28%
Diogo Jota Portugal 1
23%
Rolando Portugal 1
22%
Kléber Brazil 1
20%
No matching quizzes found
Score Distribution
Percent of People with Each Score
Percentile by Number Answered
Your Score History
You have not taken this quiz